Στα παλιά χρόνια : αναγνωστικό Δ' Δημοτικού
Αποθηκεύτηκε σε:
| Κύριος συγγραφέας: | |
|---|---|
| Άλλοι συγγραφείς: | |
| Μορφή: | Βιβλίο |
| Γλώσσα: | Greek |
| Δημοσίευση: |
Αθήνα :
Εστία,
1933.
|
| Έκδοση: | 10η εκδ. |
| Θέματα: | |
| Ετικέτες: |
Προσθήκη ετικέτας
Δεν υπάρχουν, Καταχωρήστε ετικέτα πρώτοι!
|
MARC
| LEADER | 00000cam a2200000 i 4500 | ||
|---|---|---|---|
| 001 | 1/74853 | ||
| 008 | 050406s1933 gr | ||| |||| ||gre|| | ||
| 035 | |l 10077538 | ||
| 040 | |a GR-MyUA |b gre |e AACR2 | ||
| 041 | 0 | |a gre | |
| 082 | 0 | |a 372.6 |2 (21) | |
| 100 | 1 | |a Κουρτίδης, Αριστοτέλης, |d 1858-1928. | |
| 245 | 1 | 0 | |a Στα παλιά χρόνια : |b αναγνωστικό Δ' Δημοτικού / |c Α. Κουρτίδη - Γ. Κονιδάρη ; εικονογράφηση Γ. Λυδάκη. |
| 250 | |a 10η εκδ. | ||
| 260 | |a Αθήνα : |b Εστία, |c 1933. | ||
| 300 | |a 208 σ. : |b εικ. ; |c 21 εκ. | ||
| 650 | 0 | 0 | |a Education, Elementary |x Study and teaching. |
| 650 | 0 | 0 | |a Greek language, Modern |x Study and teaching. |
| 700 | 1 | |a Κονιδάρης, Γεράσιμος Ι. | |
| 852 | |a INST |b SAMOS |e 20050406 |h 372.6 ΚΟΥ |p 005300022968 |q 005300022968 |t BK |y 0 | ||
| 901 | |a BIBL3-2005-1 | ||
| 909 | |a Σ |b 113903 | ||
| 970 | |a ΚΟΣΙΕΡΗΣ |b ΧΡΗΣΤΟΣ |z 2005/04/06 | ||